The Science of Computing (Record no. 6589)
[ view plain ]
| 000 -LEADER | |
|---|---|
| fixed length control field | 00258nam a2200109Ia 4500 |
| 100 ## - MAIN ENTRY--AUTHOR NAME | |
| Personal name | David Harel |
| 245 #4 - TITLE STATEMENT | |
| Title | The Science of Computing |
| 260 ## - PUBLICATION, DISTRIBUTION, ETC. (IMPRINT) | |
| Place of publication | USA |
| Name of publisher | Addison Wesley |
| Year of publication | 1989 |
| 300 ## - PHYSICAL DESCRIPTION | |
| Number of Pages | 352 |
| 942 ## - ADDED ENTRY ELEMENTS (KOHA) | |
| Koha item type | Books |
| Withdrawn status | Lost status | Collection code | Permanent Location | Current Location | Shelving location | Date acquired | Full call number | Accession Number | Koha item type |
|---|---|---|---|---|---|---|---|---|---|
| | | Electrical Engineering | MAJU | MAJU | Shelf No.A25 | 2019-09-07 | 515.15 | 23 | Electrical Engineering |